000 003440000a22001570004500
005 20120302060214.0
942 _cBOOK
100 _a Ramdas Va Ramdasi
245 _a Satwaa Sumanhaar:Bhag 45
260 _aDhule:Ganesh Shankar Dev,1944.
300 _a135p.
040 _aMAR
365 _b1.50/-
650 _aPuran
650 _aSumanhaar
999 _c350532
_d350529